Statistics for Drug to Human Disease

Click here to take the quiz!

General Stats

  • This quiz has been taken 400 times
  • The average score is 7 of 15

Answer Stats

HintAnswer% Correct
Selective Serotonin Reuptake InhibitorsDepression
82%
AdderallADHD
76%
BenzodiazepinesAnxiety, Insomnia, Seizures
64%
Antiretroviral AgentsHIV/AIDS
63%
AcetaminophenPain
60%
MetforminDiabetes (Type 2)
57%
ACE InhibitorsHypertension
55%
AlbuterolAsthma
47%
StatinsHypercholesterolemia
36%
GabapentinSeizures, Neuropathic Pain
35%
AmoxicillinBacterial Infection
34%
LevodopaParkinson's Disease
32%
ZolpidemInsomnia
31%
ChlorpromazineSchizophrenia
27%
Proton Pump InhibitorsStomach Ulcers
24%

Score Distribution

Percentile by Number Answered

Percent of People with Each Score

Your Score History

You have not taken this quiz